000 00781cab a2200217 4500
001 ABS48237
008 090401t1993 xxu||||| |||| 00| 0 eng d
035 _a(Sirsi) u65612
041 _aeng
100 _aStepien, K.
245 _aInsuring investment property
260 _c1993
350 _a0
490 _aSolicitors` Journal
_v137(9) 12 March 1993, 230-231(2)
520 _aFirst of two articles discussing aspects of the law relating to the insurance of investment property from the point of view of sellers and buyers in the light of the the recent case "Lonsdale & Thompson Ltd v Black Arrow Group plc" (WB2902-42).
650 _aINVESTMENT PROPERTY
650 _aLAW OF PROPERTY ACT 1925 S47
690 _aINSURANCE
_96249
942 _n0
948 _c04/03/1997
999 _c40931
_d40931